Digital image processing/ (Record no. 179910)

MARC details
000 -LEADER
fixed length control field 00668nam a22002177a 4500
005 - DATE AND TIME OF LATEST TRANSACTION
control field 20210716105529.0
010 ## - LCCN (DPL NO)
LC control number ENG-129567
020 ## - INTERNATIONAL STANDARD BOOK NUMBER
International Standard Book Number 978-93-89811-92-6
Terms of availability 865.00
035 ## - SYSTEM CONTROL NUMBER
System control number EN-113099
037 ## - SOURCE OF ACQUISITION
Source of stock number/acquisition DBAD/PUB
082 ## - DEWEY DECIMAL CLASSIFICATION NUMBER
Classification number 621.367
100 ## - MAIN ENTRY--PERSONAL NAME
Personal name S Jayaraman
245 ## - TITLE STATEMENT
Title Digital image processing/
Statement of responsibility, etc by Raj kamal
250 ## - EDITION STATEMENT
Edition statement 2nd
260 ## - PUBLICATION, DISTRIBUTION, ETC. (IMPRINT)
Place of publication, distribution, etc Alapakkam
Name of publisher, distributor, etc Mc Graw Hill
Date of publication, distribution, etc 2020
270 ## - ADDRESS
Address 444/1,Sri Ekambara Naicker Industrial Estate,Alapakkam,Porur
City Chennai
Postal code 600116
Electronic mail address info.india@mheducation.com
Telephone number 18001035875
300 ## - PHYSICAL DESCRIPTION
Extent 875p
Dimensions 24cm(PB)
700 ## - ADDED ENTRY--PERSONAL NAME
Personal name Esakkirjan, S.
700 ## - ADDED ENTRY--PERSONAL NAME
Personal name Veerakumar, T.
942 ## - ADDED ENTRY ELEMENTS (KOHA)
Source of classification or shelving scheme Dewey Decimal Classification
Item type English Books
Classification part 621.367
Call number suffix JAY
Holdings
Withdrawn status Lost status Not for loan Home library Current library Date acquired Source of acquisition Cost, normal purchase price Full call number Barcode Copy number Cost, replacement price Koha item type
      Central Library Central Library 16/07/2021 DBAD/PUB 865.00 621.367 JAY EN-113099 1 865.00 English Books

© Delhi Public Library
Hit Counter
free hit counter